000 00836nam a2200253Ia 4500
003 OSt
005 20220923212653.0
006 a|||||r|||| 00| 0
007 ta
008 220922b |||||||| |||| 00| 0 hin d
024 _a155,098
037 _cTextual
040 _aARTS
_cARTS
_bhin
041 _2hin
_ahin
082 _aO15,1D40,2, 152L6-;4(TTPH)
100 _aवर्मा, सुरेन्द्र
245 0 _aआठवॉ सर्ग
246 _aĀṭhavaॉ sarga
260 _aदिल्ली
_b राधाकृष्ण प्रकाशन
_c1976
300 _a74पृ.
_ccm.
650 _aहिन्दी साहित्य
_9156264
942 _hO15,1D40,2, 152L6-;4(TTPH)
_cTEXL
_2CC
999 _c310670
_d310670